The Herculean hero : (Record no. 77508)
[ view plain ]
| 000 -LEADER | |
|---|---|
| fixed length control field | 01143nam a2200325 a 4500 |
| 001 - CONTROL NUMBER | |
| control field | 77508 |
| 003 - CONTROL NUMBER IDENTIFIER | |
| rucl marc code | BD-RjUL |
| 005 - DATE AND TIME OF LATEST TRANSACTION | |
| control field | 20211209082959.0 |
| 008 - FIXED-LENGTH DATA ELEMENTS--GENERAL INFORMATION | |
| fixed length control field | 201007s1962 enka b 000 0 eng |
| 035 ## - SYSTEM CONTROL NUMBER | |
| System control number | 05-30/L |
| System control number | (BD-RjUL)77733 |
| 040 ## - CATALOGING SOURCE | |
| Original cataloging agency | DLC |
| Transcribing agency | YGM |
| Modifying agency | YGM |
| -- | m.c |
| -- | BD-RjUL |
| Language of cataloging | eng |
| 041 ## - LANGUAGE CODE | |
| Language code of text/sound track or separate title | eng |
| 082 ## - DEWEY DECIMAL CLASSIFICATION NUMBER | |
| Edition number | 23 |
| Classification number | 822.3093 |
| Author mark and year | WAH 1962 |
| 100 1# - MAIN ENTRY--PERSONAL NAME | |
| Personal name | Waith, Eugene M. |
| 9 (RLIN) | 56250 |
| 245 14 - TITLE STATEMENT | |
| Title | The Herculean hero : |
| Remainder of title | in Marlowe, Chapman, Shakespeare and Dryden / |
| Statement of responsibility, etc. | by Eugene M. Waith |
| 260 ## - PUBLICATION, DISTRIBUTION, ETC. (IMPRINT) | |
| Place of publication, distribution, etc. | London : |
| Name of publisher, distributor, etc. | Chatto & Windus, |
| Date of publication, distribution, etc. | 1962 |
| 300 ## - PHYSICAL DESCRIPTION | |
| Pagination | 224 p., [4] leaves of plates : |
| Illustrations | ill. ; |
| Size | 23 cm. |
| 504 ## - BIBLIOGRAPHY, ETC. NOTE | |
| Bibliography, etc | Includes bibliography |
| 600 10 - SUBJECT ADDED ENTRY--PERSONAL NAME | |
| Personal name | Chapman, George, |
| Dates associated with a name | 1559?-1634. |
| Personal name | Dryden, John, |
| Dates associated with a name | 1631-1700. |
| Personal name | Marlowe, Christopher, |
| Dates associated with a name | 1564-1593. |
| Personal name | Shakespeare, William, |
| Dates associated with a name | 1564-1616 |
| General subdivision | Criticism and interpretation. |
| Personal name | Hercules |
| Titles and other words associated with a name | (Roman mythological character) |
| 650 #0 - SUBJECT ADDED ENTRY--TOPICAL TERM | |
| Topical term or geographic name as entry element | English drama (Tragedy) |
| General subdivision | History and criticism |
| 9 (RLIN) | 241778 |
| Topical term or geographic name as entry element | Heroes in literature. |
| 9 (RLIN) | 241779 |
| 942 ## - ADDED ENTRY ELEMENTS (KOHA) | |
| Source of classification or shelving scheme | Dewey Decimal Classification |
| Koha item type | Books |
| Lost status | Source of classification or shelving scheme | Damaged status | Not for loan | Collection code | Permanent Location | Current Location | Shelving location | Date acquired | Source of acquisition | Cost, normal purchase price | Total Checkouts | Full call number | Date last seen | Copy number | Koha item type |
|---|---|---|---|---|---|---|---|---|---|---|---|---|---|---|---|
| Dewey Decimal Classification | Not For Loan | Fiction | Central Library, University of Rajshahi | Central Library, University of Rajshahi | Reading Room | 29/10/1963 | Thomas | 18.75 | 822.3093 WAH 1962 | 07/10/2020 | C-1 | Books |